Maiores Economias 2023 (FMI) - Statistics

Estatísticas Gerais
  • Esse quiz foi jogado 62 vezes
  • A pontuação média é 10 de 10
Estatísticas das Respostas
PIB Países % Correto
US$ 17,7 trilhões China
100%
US$ 26,95 trilhões Estados Unidos
100%
US$ 3,05 trilhões França
100%
US$ 4,23 trilhões Japão
100%
US$ 4,43 trilhões Alemanha
98%
US$ 3,73 trilhões Índia
98%
US$ 2,13 trilhões Brasil
96%
US$ 2,19 trilhões Itália
95%
US$ 3,33 trilhões Reino Unido
95%
US$ 2,12 trilhões Canadá
91%
Nenhum quiz correspondente encontrado
Distribuição das Pontuações
Porcentagem de Pessoas com Cada Pontuação
Percentil de Números Respondidos
Sua Pontuação Histórica
Você não jogou esse quiz